000
00323nam a2200109Ia 4500
008
200302s9999 xx 000 0 und d
100
_a
Carol Davidsou Gragoe
245
_a
How to reed buildings A crash couese in Architectural Styles
260
_b
Rizzoli International Publications, Inc.
260
_c
2016
300
_a
256 P.,
999
_c
4066
_d
4066